000 00742nam1a22002171i 4500
001 rc\192514
005 20240723213311.0
035 _a(NLR Aleph) 005620296
090 _a6489932
_c6489932
100 _a20030307d1997 u |0rusy50 ca
101 0 _arus
102 _aRU
105 _ay |||||||||
200 1 _aМузейное собрание
_eОписание
_fРос. гос. б-ка. Отд. рукописей
_g[Ред. совет: Я.Н. Шапов и др.]
210 _aМ.
_cСкрипторий
_d1997
215 _d27
300 _aНа обороте тит. л. загл.: Музейное собрание рукописей
801 0 _aRU
_bNLR
_gpsbo
801 1 _aRU
_bELAR
_2rusmarc
852 _aNLR
_bС
_jК-4/899
942 _cBOOK